000 00582nam a22001937a 4500
005 20251108175226.0
008 250721s1990 xx 000 0 ara d
082 1 4 _aط/ق/صاب
100 1 _aصابر، مجدي
245 1 0 _aكهنة معبد الاسرار /
264 1 _aبيروت :
_bدار البحار،
_c1990.
300 _a101 ص.
490 0 _aسلسلة الخيال العلمي
650 1 7 _aالخيال العلمي
650 1 7 _aالقصص العربية
653 _aنااشئون صغار ( 10 - 14 سنة )
942 _2ddc
_cBK
999 _c129137
_d129137